000 00894cam a22002891 4500
999 _c27102
_d27102
001 9416860
003 OSt
005 20170207120731.0
008 730430s1967 nyua 000 0 eng
010 _a 67014160
015 _aGB68-21338
035 _a(OCoLC)612325
040 _aDLC
_cOAkU
_dOCoLC
_dUk
_dDLC
_dWaU
050 0 0 _aN6490
_b.R34
082 _a735/.29
100 1 _aRasmusen, Henry N.
245 1 0 _aSculpture from junk
_c[by] Henry Rasmusen and Art Grant.
260 _aNew York,
_bReinhold
_c[1967]
300 _a102 p.
_billus. (part col.)
_c21 cm.
440 3 _aAn Art horizons book
650 0 _aJunk sculpture.
650 0 _aSculpture, Modern
_y20th century.
700 1 _aGrant, Art.
906 _a7
_bcbc
_coclcrpl
_du
_encip
_f19
_gy-gencatlg
942 _2lcc
_cBOOKS
_hN 6490 .R34 1967